Historic building conservation II (Record no. 103999)

MARC details
000 -LEADER
fixed length control field 00362cam a2200145 4500
008 - FIXED-LENGTH DATA ELEMENTS--GENERAL INFORMATION
fixed length control field 050208n2008 000 0 eng u
020 ## - INTERNATIONAL STANDARD BOOK NUMBER
International Standard Book Number 1405111712
035 ## - SYSTEM CONTROL NUMBER
System control number (Sirsi) u128730
100 ## - MAIN ENTRY--PERSONAL NAME
Personal name Forsyth
245 ## - TITLE STATEMENT
Title Historic building conservation II
260 ## - PUBLICATION, DISTRIBUTION, ETC.
Place of publication, distribution, etc. Blackwells
Date of publication, distribution, etc. 2008
350 ## - PRICE (NR) (BK AM CF MU VM SE) [OBSOLETE]
Price 42.50
520 ## - SUMMARY, ETC.
Summary, etc. Due to be published June 2008
942 ## - ADDED ENTRY ELEMENTS (KOHA)
Suppress in OPAC 0

No items available.